[Event "2012(Zaozhuang-China) Asian Nations Chess Cup"]
[Site "ZaoZhuang, China"]
[Date "2012.05.17"]
[Round "1"]
[Board "3"]
[White "Ding, Liren"]
[Black "Mohammed, Zozek Salah Mohammed"]
[Result "1-0"]
[WhiteElo "2679"]
[BlackElo "2268"]
[PlyCount "0"]
[EventDate "2012.05.17"]
[EventType "team"]
[EventRounds "9"]
[EventCountry "CHN"]
[WhiteTeam "China 1"]
[BlackTeam "Iraq"]

1. d4 d5 2. c4 c6 3. Nf3 Nf6 4. Nc3 e6 5. Bg5 h6 6. Bh4 dxc4 7. e4 g5 8. Bg3 b5
9. Ne5 Bb7 10. Qf3 Nbd7 11. Rd1 Nxe5 12. Bxe5 Bg7 13. Be2 Qe7 14. h4 Rd8 15.
hxg5 hxg5 16. Rxh8+ Bxh8 17. Qe3 g4 18. Qh6 Qf8 19. Qh4 Qg7 20. Bxg4 Qxg4 21.
Qxh8+ Ng8 22. Kf1 Ke7 23. Bg3 Nf6 24. Qh4 b4 25. e5 Ke8 26. Ne2 c5 27. Qxf6
Bxg2+ 28. Kxg2 Qxe2 29. Bh4 1-0

[Event "2012(Zaozhuang-China) Asian Nations Chess Cup"]
[Site "ZaoZhuang, China"]
[Date "2012.05.17"]
[Round "1"]
[Board "3"]
[White "Abdulla, Omar"]
[Black "Gupta, Abhijeet"]
[Result "0-1"]
[WhiteElo "2035"]
[BlackElo "2644"]
[PlyCount "0"]
[EventDate "2012.05.17"]
[EventType "team"]
[EventRounds "9"]
[EventCountry "CHN"]
[WhiteTeam "Yemen"]
[BlackTeam "India"]

1. c4 Nf6 2. d4 g6 3. Nc3 d5 4. Nf3 Bg7 5. e3 O-O 6. Bd3 c5 7. O-O cxd4 8. Nxd4
e5 9. Nb3 d4 10. exd4 exd4 11. Ne4 Nxe4 12. Bxe4 a5 13. Qf3 Nd7 14. Bf4 a4 15.
Nd2 Nc5 16. Bd5 g5 17. Bg3 g4 18. Qf4 Nd3 19. Qd6 Qxd6 20. Bxd6 Rd8 21. Ba3 Bf5
22. b4 Re8 23. c5 Rab8 24. Bc4 Bh6 25. Rad1 Nf4 26. Bb5 Ne2+ 27. Kh1 Nc3 28.
Bxe8 Rxe8 29. Nc4 Nxd1 30. Rxd1 Bc2 31. Rg1 d3 32. Bc1 Bxc1 33. Rxc1 Re4 34.
Nd2 Re2 35. Nf1 d2 36. Nxd2 Rxd2 37. b5 Be4 38. f3 gxf3 39. gxf3 Bxf3+ 40. Kg1
Rxa2 41. c6 bxc6 42. bxc6 Rg2+ 43. Kf1 Rxh2 44. Rc3 Bxc6 0-1

[Event "2012(Zaozhuang-China) Asian Nations Chess Cup"]
[Site "ZaoZhuang, China"]
[Date "2012.05.17"]
[Round "1"]
[Board "4"]
[White "Gopal, Geetha Narayanan"]
[Black "Salman, Saleh"]
[Result "1-0"]
[WhiteElo "2562"]
[BlackElo "2010"]
[PlyCount "0"]
[EventDate "2012.05.17"]
[EventType "team"]
[EventRounds "9"]
[EventCountry "CHN"]
[WhiteTeam "India"]
[BlackTeam "Yemen"]

1. e4 e5 2. Nf3 Nc6 3. Bb5 d6 4. d4 exd4 5. Nxd4 Bd7 6. Nc3 Nxd4 7. Bxd7+ Qxd7
8. Qxd4 Ne7 9. O-O Nc6 10. Qd3 Be7 11. Bf4 Bf6 12. Nd5 Be5 13. Bxe5 Nxe5 14.
Qc3 c6 15. Ne3 O-O 16. Rad1 f6 17. Nf5 d5 18. Ne3 Rac8 19. Qb3 Kh8 20. exd5 c5
21. Nc4 Ng6 22. a4 f5 23. d6 f4 24. Qh3 Qxh3 25. gxh3 f3 26. Rfe1 Rcd8 27. d7
b6 28. a5 b5 29. Ne5 Ne7 30. Nxf3 Nc6 31. Ng5 Rb8 32. Rd6 Nd8 33. Re8 Kg8 34.
a6 h6 35. Ne6 Nxe6 36. Rdxe6 Rd8 37. Rxd8 Rxd8 38. Re8+ 1-0

[Event "2012(Zaozhuang-China) Asian Nations Chess Cup"]
[Site "ZaoZhuang, China"]
[Date "2012.05.17"]
[Round "1"]
[Board "3"]
[White "Nguyen, Van Huy"]
[Black "Chogdov, Munkhbat"]
[Result "1-0"]
[WhiteElo "2502"]
[BlackElo "2245"]
[PlyCount "0"]
[EventDate "2012.05.17"]
[EventType "team"]
[EventRounds "9"]
[EventCountry "CHN"]
[WhiteTeam "Vietnam"]
[BlackTeam "Korea"]

1. d4 d5 2. Nf3 c6 3. c4 Nf6 4. Qb3 dxc4 5. Qxc4 Bf5 6. g3 e6 7. Bg2 Be7 8. O-O
O-O 9. e3 Nbd7 10. Rd1 h6 11. Qe2 Qc7 12. Nc3 Ne4 13. Nd2 Nxc3 14. bxc3 Nf6 15.
e4 Bg4 16. f3 Bh5 17. Nc4 Bg6 18. Bf4 Qd8 19. Rab1 Qc8 20. a4 Rd8 21. a5 Nh5
22. Be3 Qc7 23. Rb3 c5 24. Rdb1 Rab8 25. Bf1 f5 26. Ne5 cxd4 27. cxd4 Be8 28.
Qc4 Qxc4 29. Bxc4 fxe4 1-0

[Event "2012(Zaozhuang-China) Asian Nations Chess Cup"]
[Site "ZaoZhuang, China"]
[Date "2012.05.17"]
[Round "1"]
[Board "4"]
[White "Kim, Changhoon"]
[Black "Dao, Thien Hai"]
[Result "0-1"]
[WhiteElo "1791"]
[BlackElo "2514"]
[PlyCount "0"]
[EventDate "2012.05.17"]
[EventType "team"]
[EventRounds "9"]
[EventCountry "CHN"]
[WhiteTeam "Korea"]
[BlackTeam "Vietnam"]

1. d4 d5 2. Nf3 c6 3. c4 e6 4. Qc2 dxc4 5. Qxc4 b5 6. Qc2 Bb7 7. Nbd2 Nd7 8.
Nb3 Ngf6 9. g3 Rc8 10. Nc5 Nxc5 11. dxc5 Qa5+ 12. Nd2 Qb4 13. a3 Qxc5 14. Qxc5
Bxc5 15. Bg2 O-O 16. O-O Rfd8 17. Nb3 Bb6 18. Bg5 Ba6 19. Rfc1 c5 20. Be3 c4
21. Bxb6 axb6 22. Rc3 cxb3 23. Rxb3 Rc2 24. Bf3 g5 25. h3 Rdd2 26. Rb1 h5 27.
Rb4 Kf8 28. b3 g4 29. hxg4 hxg4 30. Bxg4 Nd5 31. Bf3 0-1

[Event "2012(Zaozhuang-China) Asian Nations Chess Cup"]
[Site "ZaoZhuang, China"]
[Date "2012.05.17"]
[Round "1"]
[Board "1"]
[White "Gundavaa, Bayarsaikhan"]
[Black "Zhou, Weiqi"]
[Result "1/2-1/2"]
[WhiteElo "2516"]
[BlackElo "2624"]
[PlyCount "0"]
[EventDate "2012.05.17"]
[EventType "team"]
[EventRounds "9"]
[EventCountry "CHN"]
[WhiteTeam "Mongolia"]
[BlackTeam "China 2"]

1. d4 Nf6 2. c4 e6 3. Nc3 c5 4. d5 exd5 5. cxd5 d6 6. Nf3 g6 7. e4 a6 8. a4 Bg4
9. Be2 Bxf3 10. Bxf3 Nbd7 11. O-O Bg7 12. Bf4 Qe7 13. Re1 Ne5 14. Be2 O-O 15.
Rb1 Rfc8 16. Qd2 c4 17. Bf1 Nfd7 18. Bg5 f6 19. Bf4 Nc5 20. Bxe5 fxe5 21. Bxc4
Nxa4 22. Bf1 Nxc3 23. bxc3 b5 24. Rb4 Bf6 25. c4 Bg5 26. Qa2 bxc4 27. Rxc4 Rxc4
28. Qxc4 a5 29. Ra1 Qa7 30. Ra2 Rf8 31. g3 Bd8 32. Qa6 Qd4 33. Qc4 Qa7 34. Qa6
Qd4 35. Qc4 Qxc4 36. Bxc4 Bb6 37. Bb5 Rf3 38. Kg2 Rb3 39. Bc6 Kf7 40. h4 Kf6
41. Bd7 Rb4 42. Kf3 h6 43. Be8 g5 44. hxg5+ Kxg5 45. Bd7 h5 46. Bf5 a4 47. Kg2
Bc5 48. Bd7 Rxe4 49. Bxa4 h4 50. Bd7 hxg3 51. Kxg3 Rd4 52. Be6 Rd3+ 53. Kg2 Rb3
54. Ra8 Kf6 55. Rf8+ Kg7 56. Rg8+ Kf6 1/2-1/2

[Event "2012(Zaozhuang-China) Asian Nations Chess Cup"]
[Site "ZaoZhuang, China"]
[Date "2012.05.17"]
[Round "1"]
[Board "2"]
[White "Zhou, Jianchao"]
[Black "Munkhgal, Gombosuren"]
[Result "0-1"]
[WhiteElo "2609"]
[BlackElo "2387"]
[PlyCount "0"]
[EventDate "2012.05.17"]
[EventType "team"]
[EventRounds "9"]
[EventCountry "CHN"]
[WhiteTeam "China 2"]
[BlackTeam "Mongolia"]

1. d4 Nf6 2. c4 e6 3. Nc3 Bb4 4. Qc2 O-O 5. a3 Bxc3+ 6. Qxc3 b5 7. cxb5 c6 8.
Bg5 cxb5 9. e3 Bb7 10. Nf3 h6 11. Bh4 a6 12. Be2 Nc6 13. b3 Rc8 14. Qb2 g5 15.
Bg3 Ne4 16. h4 Nxg3 17. fxg3 g4 18. Nd2 Qc7 19. Kf2 f5 20. Rhc1 Qd6 21. b4 Ne7
22. Rxc8 Rxc8 23. Rc1 Rf8 24. Qc2 Nd5 25. Nf1 Nf6 26. Kg1 Rc8 27. Qxc8+ Bxc8
28. Rxc8+ Kf7 29. Rc5 Ne4 30. Re5 Qc7 31. Bxg4 d6 32. Bxf5 dxe5 0-1

[Event "2012(Zaozhuang-China) Asian Nations Chess Cup"]
[Site "ZaoZhuang, China"]
[Date "2012.05.17"]
[Round "1"]
[Board "3"]
[White "Battulga, Namkhai"]
[Black "Zhao, Jun"]
[Result "1/2-1/2"]
[WhiteElo "2397"]
[BlackElo "2577"]
[PlyCount "0"]
[EventDate "2012.05.17"]
[EventType "team"]
[EventRounds "9"]
[EventCountry "CHN"]
[WhiteTeam "Mongolia"]
[BlackTeam "China 2"]

1. e4 c5 2. Nf3 d6 3. d4 cxd4 4. Nxd4 Nf6 5. Nc3 a6 6. Be3 e5 7. Nb3 Be7 8. f3
Be6 9. Qd2 O-O 10. O-O-O Qc7 11. g4 Rc8 12. g5 Nh5 13. Nd5 Bxd5 14. exd5 Nd7
15. Bh3 a5 16. Kb1 a4 17. Nc1 Nf4 18. Bxf4 exf4 19. Rhg1 a3 20. b3 Ne5 21. Bxc8
Nxf3 22. Qxf4 Rxc8 23. Rg2 Qc3 24. Nd3 Nxg5 25. Qb4 Qxb4 26. Nxb4 Ne4 27. Rd4
f5 28. c4 Bf6 29. Rd3 Kf7 30. Kc2 b5 31. Nc6 bxc4 32. bxc4 Ra8 33. Rb3 Nc5 34.
Rb5 g5 35. Na5 f4 36. Nb7 Nxb7 37. Rxb7+ Kg6 38. Kd3 Be5 39. Re7 Rc8 40. Rc2 g4
41. c5 Bf6 42. Re4 Kf5 43. c6 h5 44. Re6 h4 45. Rxd6 g3 46. Ke2 Be5 47. Rh6 g2
48. Kf2 Rg8 49. Rc1 Bd4+ 50. Kf3 g1=Q 51. Rxg1 Bxg1 52. c7 Rc8 53. d6 Bb6 54.
d7 Rxc7 55. Rxb6 Rxd7 56. Rb5+ Ke6 57. Rb3 Rd2 58. Rxa3 Rxh2 59. Kxf4 Kd7 60.
Kg4 Kc6 1/2-1/2

[Event "2012(Zaozhuang-China) Asian Nations Chess Cup"]
[Site "ZaoZhuang, China"]
[Date "2012.05.17"]
[Round "1"]
[Board "4"]
[White "Wen, Yang"]
[Black "Nasanjargal, Urtnasan"]
[Result "1-0"]
[WhiteElo "2550"]
[BlackElo "2304"]
[PlyCount "0"]
[EventDate "2012.05.17"]
[EventType "team"]
[EventRounds "9"]
[EventCountry "CHN"]
[WhiteTeam "China 2"]
[BlackTeam "Mongolia"]

1. d4 Nf6 2. c4 g6 3. g3 Bg7 4. Bg2 O-O 5. Nc3 d6 6. Nf3 Nc6 7. O-O a6 8. Bf4
Rb8 9. Rc1 Bd7 10. b3 Re8 11. d5 Na5 12. e4 b5 13. Qd3 c5 14. Rfe1 Nh5 15. Bg5
bxc4 16. bxc4 Qc7 17. h3 h6 18. Bd2 g5 19. Nd1 Nb7 20. Ne3 Nf6 21. Bc3 Nh7 22.
Bd2 Nd8 23. Nf5 Bxf5 24. exf5 Bb2 25. Rb1 f6 26. Qc2 Bd4 27. Ba5 Qc8 28. Rxb8
Qxb8 29. Rb1 Qc8 30. Bb6 Be5 31. Nxe5 dxe5 32. Qa4 Nf7 33. Qc6 Nd6 34. Bxc5
Qxf5 35. Rb3 1-0

[Event "2012(Zaozhuang-China) Asian Nations Chess Cup"]
[Site "ZaoZhuang, China"]
[Date "2012.05.17"]
[Round "1"]
[Board "1"]
[White "Jumabayev, Rinat"]
[Black "Megaranto, Susanto"]
[Result "1/2-1/2"]
[WhiteElo "2556"]
[BlackElo "2517"]
[PlyCount "0"]
[EventDate "2012.05.17"]
[EventType "team"]
[EventRounds "9"]
[EventCountry "CHN"]
[WhiteTeam "Kazakhstan"]
[BlackTeam "Indonesia"]

1. Nf3 Nf6 2. c4 c6 3. Nc3 d5 4. e3 g6 5. d4 Bg7 6. Be2 O-O 7. O-O Bg4 8. h3
Bxf3 9. Bxf3 dxc4 10. Qe2 Nbd7 11. Qxc4 e5 12. Rd1 Qe7 13. Qb3 Rab8 14. Qc2
Rfe8 15. dxe5 Nxe5 16. Be2 Rbd8 17. Bd2 Nd5 18. a3 Nxc3 19. Bxc3 Nd7 20. Bb4
Qg5 21. Rd2 Nb6 22. Rxd8 Rxd8 23. Be1 h5 24. Rb1 Nc8 25. b4 a6 26. a4 Nd6 27.
Qc5 Qe7 28. Rd1 Bf8 29. Qd4 Bg7 30. Qc5 Qc7 31. Bf3 Rd7 32. g3 Qd8 33. Rb1 Qf6
34. Kg2 Qe6 35. Qc2 Nc4 36. Rd1 Nb6 37. Rc1 Nd5 38. Rb1 Nc7 39. Be2 Nd5 40. Rb3
Nc7 41. Bc4 Qf6 42. Rb1 Kh8 43. Rd1 Qd8 44. Rd2 Rxd2 45. Bxd2 Qd7 46. e4 Ne6
47. Be3 Qd6 48. b5 axb5 49. axb5 h4 50. bxc6 bxc6 51. Qd3 Qxd3 52. Bxd3 Be5 53.
f4 Bd6 54. Bc4 hxg3 55. e5 Bf8 56. Kxg3 Bh6 57. Kf3 Kg7 58. Ba2 Kh7 59. Bb1 Kg7
60. Be4 Kh7 61. Kg3 c5 62. Bd5 Kg7 63. Kf3 Kh7 64. Bc4 Kg7 65. Ke4 Kg8 66. h4
Kg7 67. Bd2 Kg8 68. Be1 Kg7 69. f5 gxf5+ 70. Kxf5 Nd4+ 71. Ke4 Kg6 72. Bf2 Bg7
73. Bd3 f6 74. Kd5+ Kf7 75. Bxd4 cxd4 76. e6+ Ke7 77. Bf5 d3 78. Bxd3 f5 79.
Bxf5 Bf6 80. h5 Bg5 81. Ke5 Kf8 82. Kd6 Kg7 1/2-1/2

[Event "2012(Zaozhuang-China) Asian Nations Chess Cup"]
[Site "ZaoZhuang, China"]
[Date "2012.05.17"]
[Round "1"]
[Board "2"]
[White "Hamdani, Rudin"]
[Black "Kazhgaleyev, Murtas"]
[Result "0-1"]
[WhiteElo "2322"]
[BlackElo "2595"]
[PlyCount "0"]
[EventDate "2012.05.17"]
[EventType "team"]
[EventRounds "9"]
[EventCountry "CHN"]
[WhiteTeam "Indonesia"]
[BlackTeam "Kazakhstan"]

1. d4 Nf6 2. c4 e6 3. g3 d5 4. Nf3 dxc4 5. Bg2 Bb4+ 6. Bd2 c5 7. O-O O-O 8.
dxc5 Bxc5 9. Qc2 Nbd7 10. Qxc4 b5 11. Qh4 Bb7 12. Bb4 Qb6 13. Nc3 Rac8 14. Rad1
Bxf3 15. Bxc5 Nxc5 16. Bxf3 b4 17. Ne4 Ncxe4 18. Bxe4 h6 19. Bb1 e5 20. Rc1
Rfd8 21. Rfd1 Rxc1 22. Rxc1 g6 23. e3 Kg7 24. Qc4 Rd7 25. Bd3 h5 26. Be2 Rd2
27. Rc2 Qd6 28. h3 e4 29. Kg2 a5 30. Qb3 Nh7 31. Qc4 Ng5 32. Rxd2 Qxd2 33. Qd4+
Qxd4 34. exd4 f5 35. h4 Ne6 36. d5 Nc5 37. d6 Kf6 38. Bc4 Nd7 39. a3 Nf8 40.
axb4 axb4 41. f4 exf3+ 42. Kxf3 Ke5 43. Ke3 Kxd6 44. Kd4 Ne6+ 45. Bxe6 Kxe6 46.
b3 Kf6 47. Kc5 g5 48. Kxb4 f4 49. hxg5+ Kxg5 50. gxf4+ Kxf4 51. Kc5 h4 0-1

[Event "2012(Zaozhuang-China) Asian Nations Chess Cup"]
[Site "ZaoZhuang, China"]
[Date "2012.05.17"]
[Round "1"]
[Board "3"]
[White "Ismagambetov, Anuar"]
[Black "Muhammad, Luthfi Ali"]
[Result "1/2-1/2"]
[WhiteElo "2478"]
[BlackElo "2027"]
[PlyCount "0"]
[EventDate "2012.05.17"]
[EventType "team"]
[EventRounds "9"]
[EventCountry "CHN"]
[WhiteTeam "Kazakhstan"]
[BlackTeam "Indonesia"]

1. d4 Nf6 2. c4 g6 3. g3 Bg7 4. Bg2 d6 5. Nc3 O-O 6. Nf3 Nc6 7. O-O a6 8. Qd3
e5 9. dxe5 dxe5 10. Qxd8 Rxd8 11. Bg5 Be6 12. Nd2 h6 13. Bxf6 Bxf6 14. Nde4 Be7
15. Nd5 Bxd5 16. cxd5 Nb4 17. Nc3 a5 18. Rfc1 Bd6 19. Nb5 Na6 20. Rc4 Kg7 21.
Rac1 Re8 22. Ra4 Nc5 23. Rac4 Na6 24. Ra4 Nc5 25. Rac4 b6 26. b3 e4 27. f3 exf3
28. Bxf3 f5 29. Kf2 Kf6 30. R1c3 Re7 31. a3 Rae8 32. b4 axb4 33. axb4 Ne4+ 34.
Bxe4 Rxe4 35. Rxe4 Rxe4 36. Rc6 Ke5 37. Nxd6 cxd6 38. Rxb6 Kxd5 39. Rb8 h5 40.
b5 h4 41. Rg8 hxg3+ 42. hxg3 Rg4 43. Rc8 Rb4 44. Rg8 1/2-1/2

[Event "2012(Zaozhuang-China) Asian Nations Chess Cup"]
[Site "ZaoZhuang, China"]
[Date "2012.05.17"]
[Round "1"]
[Board "2"]
[White "Seyedjavad, Alavimoghaddam"]
[Black "Lo, Cheuk Wai"]
[Result "1-0"]
[WhiteElo "2441"]
[BlackElo "1818"]
[PlyCount "0"]
[EventDate "2012.05.17"]
[EventType "team"]
[EventRounds "9"]
[EventCountry "CHN"]
[WhiteTeam "Iran"]
[BlackTeam "Hong Kong"]

1. d4 f5 2. Nf3 Nf6 3. g3 d6 4. Bg2 g6 5. c3 Bg7 6. Qb3 c6 7. O-O e6 8. Nbd2
Qe7 9. Qc2 e5 10. dxe5 dxe5 11. e4 O-O 12. Re1 f4 13. h3 g5 14. gxf4 gxf4 15.
Nc4 Ne8 16. a4 Nd7 17. b3 Nd6 18. Ba3 c5 19. Qd3 Nf7 20. Qd5 Rb8 21. Rad1 b6
22. Nd6 Nf6 23. Nxc8 Rbxc8 24. Qd3 Qe6 25. Qc2 Rfd8 26. Kh2 h6 27. Bf1 Kh7 28.
Bc4 Qe7 1-0

[Event "2012(Zaozhuang-China) Asian Nations Chess Cup"]
[Site "ZaoZhuang, China"]
[Date "2012.05.18"]
[Round "2"]
[Board "3"]
[White "Ismagambetov, Anuar"]
[Black "Ding, Liren"]
[Result "0-1"]
[WhiteElo "2478"]
[BlackElo "2679"]
[PlyCount "0"]
[EventDate "2012.05.17"]
[EventType "team"]
[EventRounds "9"]
[EventCountry "CHN"]
[WhiteTeam "Kazakhstan"]
[BlackTeam "China 1"]

1. e4 c5 2. Nf3 e6 3. d4 cxd4 4. Nxd4 a6 5. Bd3 Nf6 6. O-O Qc7 7. Qe2 d6 8. c4
g6 9. Nc3 Bg7 10. Be3 O-O 11. Rac1 Nbd7 12. f3 Ne5 13. Rfd1 b6 14. Bb1 Bb7 15.
Na4 Rab8 16. b4 Ned7 17. Qf2 Ba8 18. Bd3 Rfc8 19. Bf1 Bf8 20. Nb2 Qd8 21. Nb3
Qc7 22. Nd3 Bc6 23. Kh1 Qd8 24. Qh4 Ne8 25. Bg5 Qc7 26. Bf4 Ba4 27. Nb2 Bxb3
28. axb3 a5 29. Nd3 Ne5 30. c5 bxc5 31. bxc5 Nxd3 32. Bxd3 Qa7 33. Bc4 Rc6 34.
Qg3 Qc7 35. cxd6 Bxd6 36. Bxd6 Nxd6 37. Ra1 Nxc4 38. Qxc7 Rxc7 39. bxc4 Rc5 40.
h3 Rb2 41. Rd8+ Kg7 42. Ra8 Rg5 43. g4 Rf2 44. Ra3 Rc5 45. Kg1 Rb2 46. Ra4 Rc7
47. R8xa5 Rd7 48. Ra1 Rdd2 49. c5 Rg2+ 50. Kh1 Rh2+ 51. Kg1 Rbg2+ 52. Kf1 Rc2
53. Kg1 Rxh3 54. R5a3 Rg3+ 55. Kh1 Kf6 56. c6 Kg5 57. e5 Kh4 58. R1a2 Rxc6 59.
Rh2+ Rh3 60. Raa2 Rc3 61. Raf2 Re3 62. Kg2 Rxh2+ 63. Kxh2 Rxe5 64. Ra2 h5 65.
gxh5 Kxh5 66. Kg3 g5 67. Ra8 Kg6 68. Rg8+ Kf5 69. Ra8 Re3 70. Ra4 e5 71. Kf2
Rd3 72. Kg3 f6 0-1

[Event "2012(Zaozhuang-China) Asian Nations Chess Cup"]
[Site "ZaoZhuang, China"]
[Date "2012.05.18"]
[Round "2"]
[Board "4"]
[White "Yu, Yangyi"]
[Black "Khusnutdinov, Rustam"]
[Result "1/2-1/2"]
[WhiteElo "2626"]
[BlackElo "2509"]
[PlyCount "0"]
[EventDate "2012.05.17"]
[EventType "team"]
[EventRounds "9"]
[EventCountry "CHN"]
[WhiteTeam "China 1"]
[BlackTeam "Kazakhstan"]

1. e4 c5 2. Nf3 d6 3. d4 cxd4 4. Nxd4 Nf6 5. Nc3 g6 6. Bc4 Bg7 7. O-O O-O 8.
Nf3 Nc6 9. h3 a6 10. Re1 b5 11. Bf1 Bb7 12. Bg5 Re8 13. Qd2 Rc8 14. Rad1 Nd7
15. Nd5 Nce5 16. Nxe5 Nxe5 17. c3 Nc4 18. Qc1 Nb6 19. Qe3 Nxd5 20. exd5 Rc5 21.
Qf3 Qa8 22. Rxe7 Rxe7 23. Bxe7 Rxd5 24. Rxd5 Bxd5 25. Qe3 Bxa2 26. Bxd6 Qd8 27.
Qc5 Be6 28. Be2 h5 29. Kh2 Qa5 30. Be5 Bxe5+ 31. Qxe5 Qb6 32. Kg1 Bc4 33. Bxc4
bxc4 34. Qe2 Qb5 35. Qd2 Kh7 36. Kf1 Qf5 37. f3 Qb5 38. Ke2 Qf5 39. Ke1 Qb1+
40. Kf2 Qf5 41. Qe2 Qf4 42. Qe3 Qb8 43. Qd2 Qb6+ 44. Kg3 Qb8+ 45. f4 Qb7 46.
Qe2 Qd5 47. Kf2 Qc5+ 48. Kf3 Qd5+ 49. Qe4 Qb5 50. Qe7 Qd5+ 51. Kg3 Qd3+ 52. Kh2
Qf5 53. Qc7 Qe6 54. Qc5 Qe4 55. Qc7 Kg7 56. h4 Qe2 57. Qb6 Qd2 58. Kg3 Qd3+ 59.
Kf2 Qd2+ 60. Kf3 Qd1+ 61. Kf2 Qd2+ 62. Kg3 Qd3+ 63. Kf2 1/2-1/2

[Event "2012(Zaozhuang-China) Asian Nations Chess Cup"]
[Site "ZaoZhuang, China"]
[Date "2012.05.18"]
[Round "2"]
[Board "2"]
[White "Goh, Wei Ming Kevin"]
[Black "Hari Krishna, Pentala"]
[Result "1/2-1/2"]
[WhiteElo "2426"]
[BlackElo "2693"]
[PlyCount "0"]
[EventDate "2012.05.17"]
[EventType "team"]
[EventRounds "9"]
[EventCountry "CHN"]
[WhiteTeam "Singapore"]
[BlackTeam "India"]

1. e4 e5 2. Nf3 Nc6 3. Bc4 Nf6 4. d3 Be7 5. Bb3 d6 6. c3 O-O 7. O-O h6 8. Nbd2
Nh7 9. Nc4 Bg4 10. Ne3 Bh5 11. g4 Bg6 12. Nf5 Bg5 13. Nxg5 Nxg5 14. Be3 Na5 15.
Bc2 d5 16. Qe2 Nc6 17. f3 a5 18. a4 Ra6 19. Kg2 Ne6 20. Bb3 d4 21. Bc1 Rb6 22.
Bc4 Bxf5 23. exf5 Nf4+ 24. Bxf4 exf4 25. Rae1 Qf6 26. Qd2 dxc3 27. bxc3 Ne5 28.
Qxf4 Nxc4 29. Qxc4 Rc6 30. Qd4 Rxc3 31. Qxf6 gxf6 32. Rc1 Rxc1 33. Rxc1 c6 34.
Kf2 Re8 35. Rc5 Ra8 36. d4 Kf8 37. d5 Ra6 38. dxc6 bxc6 39. Ke3 Ke7 40. h4 Kd6
41. Kd4 Ra8 42. f4 Rg8 43. g5 hxg5 44. hxg5 fxg5 45. fxg5 Rxg5 46. Rxa5 f6 47.
Ke4 Rg4+ 48. Ke3 c5 49. Kd3 Rd4+ 50. Kc3 Rf4 51. Ra6+ Ke5 52. Rc6 Rxa4 53.
Rxc5+ Kf4 54. Kd3 Ra2 55. Rb5 Rf2 56. Ra5 Kg3 57. Ke3 Rf1 58. Ke2 Rf3 59. Rb5
Rf4 60. Ke3 Kg4 61. Ra5 Rf1 62. Ke2 Rf3 63. Ra4+ Rf4 64. Rxf4+ 1/2-1/2

[Event "2012(Zaozhuang-China) Asian Nations Chess Cup"]
[Site "ZaoZhuang, China"]
[Date "2012.05.18"]
[Round "2"]
[Board "4"]
[White "Chan, Peng Kong"]
[Black "Gopal, Geetha Narayanan"]
[Result "0-1"]
[WhiteElo "2252"]
[BlackElo "2562"]
[PlyCount "0"]
[EventDate "2012.05.17"]
[EventType "team"]
[EventRounds "9"]
[EventCountry "CHN"]
[WhiteTeam "Singapore"]
[BlackTeam "India"]

1. d4 Nf6 2. c4 g6 3. Nf3 Bg7 4. g3 c6 5. Bg2 d5 6. b3 O-O 7. O-O dxc4 8. bxc4
c5 9. Bb2 Qb6 10. Qb3 Ne4 11. Nc3 Nxc3 12. Bxc3 Nc6 13. e3 Bg4 14. Ne5 cxd4 15.
exd4 Nxd4 16. Bxd4 Qxd4 17. Nxg4 Qxg4 18. Rae1 Bf6 19. Bxb7 Rad8 20. c5 Qd7 21.
Bg2 Qc7 22. c6 Rb8 23. Qc4 Rfd8 24. Rd1 Be5 25. Rfe1 e6 26. Rxd8+ Rxd8 27. Rb1
Rb8 28. Rxb8+ Qxb8 29. h4 h5 30. a4 Bc7 31. Qb5 Bb6 32. Kh2 Qd6 33. Qb2 Qd8 34.
Qc2 Bc7 35. Kg1 Qd4 36. Kh2 Qxh4+ 37. Kg1 Qd4 38. Kf1 Kg7 39. Bf3 a5 40. Kg2 h4
41. gxh4 Qxh4 42. Kf1 Qd4 43. Kg2 g5 44. Kf1 g4 45. Be2 f5 46. Qc4 Qxc4 47.
Bxc4 Kf6 48. Ba6 e5 49. Bc8 e4 50. Kg2 Kg5 51. Be6 f4 52. Kf1 f3 53. Bf7 Kf4
54. Bh5 g3 55. fxg3+ Kxg3 56. Bg6 e3 57. Bd3 Bd6 58. Bb5 Kf4 59. Bd3 e2+ 60.
Kf2 Bc5+ 0-1

[Event "2012(Zaozhuang-China) Asian Nations Chess Cup"]
[Site "ZaoZhuang, China"]
[Date "2012.05.18"]
[Round "2"]
[Board "2"]
[White "Nguyen, Ngoc Truong Son"]
[Black "Seyedjavad, Alavimoghaddam"]
[Result "1/2-1/2"]
[WhiteElo "2656"]
[BlackElo "2441"]
[PlyCount "0"]
[EventDate "2012.05.17"]
[EventType "team"]
[EventRounds "9"]
[EventCountry "CHN"]
[WhiteTeam "Vietnam"]
[BlackTeam "Iran"]

1. d4 Nf6 2. c4 e6 3. Nc3 d5 4. cxd5 Nxd5 5. e4 Nxc3 6. bxc3 c5 7. Nf3 cxd4 8.
cxd4 Bb4+ 9. Bd2 Bxd2+ 10. Qxd2 O-O 11. Bc4 Nd7 12. O-O b6 13. Rad1 Bb7 14.
Rfe1 Rc8 15. Bb3 Qf6 16. Qe3 Rfd8 17. h3 Qe7 18. Qf4 Qf6 19. Qg4 Qg6 20. Qxg6
hxg6 21. Ng5 Ba6 22. e5 Bb7 23. f3 b5 24. d5 exd5 25. Bxd5 Bxd5 26. Rxd5 Nc5
27. Rd6 f6 28. Rc1 Rf8 29. Rd5 Na4 30. Rxc8 Rxc8 31. Ne4 Nc3 32. Nxc3 Rxc3 33.
exf6 gxf6 34. Rxb5 Ra3 35. Rb2 g5 36. Kf2 Kf7 37. Rc2 Kg6 38. g4 Kh6 39. Kg3
Kg6 40. Rd2 Kh6 41. Rf2 Ra4 42. h4 gxh4+ 43. Kxh4 f5 44. Rc2 fxg4 45. fxg4 Ra6
46. a4 Rxa4 47. Rc6+ Kg7 48. Kh5 Rb4 49. Rc7+ Kg8 50. g5 Rb6 51. Rxa7 Rc6 52.
Rb7 1/2-1/2

[Event "2012(Zaozhuang-China) Asian Nations Chess Cup"]
[Site "ZaoZhuang, China"]
[Date "2012.05.18"]
[Round "2"]
[Board "3"]
[White "Puria, Darini"]
[Black "Nguyen, Duc Hoa"]
[Result "1-0"]
[WhiteElo "2491"]
[BlackElo "2496"]
[PlyCount "0"]
[EventDate "2012.05.17"]
[EventType "team"]
[EventRounds "9"]
[EventCountry "CHN"]
[WhiteTeam "Iran"]
[BlackTeam "Vietnam"]

1. e4 c5 2. Nf3 d6 3. d4 cxd4 4. Nxd4 Nf6 5. Nc3 g6 6. Be3 Bg7 7. f3 Nc6 8. Qd2
O-O 9. Bc4 Bd7 10. O-O-O Rb8 11. Bb3 Na5 12. Bh6 Bxh6 13. Qxh6 b5 14. g4 b4 15.
Nd5 Nxb3+ 16. Nxb3 Nxd5 17. exd5 Ba4 18. Nd4 Qa5 19. Kb1 Rfc8 20. b3 Bd7 21. h4
Rb6 22. h5 Ra6 23. a4 bxa3 24. Rd3 a2+ 25. Ka1 Qxd5 26. hxg6 fxg6 27. Qxh7+ Kf8
28. Nc6 Qxc6 29. Qxg6 1-0

[Event "2012(Zaozhuang-China) Asian Nations Chess Cup"]
[Site "ZaoZhuang, China"]
[Date "2012.05.18"]
[Round "2"]
[Board "4"]
[White "Nguyen, Van Huy"]
[Black "Golizadeh, Asghar"]
[Result "1/2-1/2"]
[WhiteElo "2502"]
[BlackElo "2482"]
[PlyCount "0"]
[EventDate "2012.05.17"]
[EventType "team"]
[EventRounds "9"]
[EventCountry "CHN"]
[WhiteTeam "Vietnam"]
[BlackTeam "Iran"]

1. Nf3 c5 2. c4 Nf6 3. g3 Nc6 4. Bg2 g6 5. O-O Bg7 6. Nc3 d6 7. a3 a6 8. Rb1
Rb8 9. b4 cxb4 10. axb4 b5 11. cxb5 axb5 12. e4 O-O 13. d4 Bg4 14. h3 Bxf3 15.
Bxf3 Qc8 16. Bg2 Nxb4 17. Bd2 Qc4 18. Qb3 Qxb3 19. Rxb3 Nc2 20. Nxb5 Nd7 21.
Bg5 Bf6 22. Bxf6 Nxf6 23. Rc1 Rfc8 24. Nxd6 Rxb3 25. Nxc8 Nxd4 26. Nxe7+ Kf8
27. Rc7 Rb1+ 28. Kh2 Rb2 29. Kg1 Rb1+ 30. Kh2 Rb2 31. Kg1 Rb1+ 1/2-1/2

[Event "2012(Zaozhuang-China) Asian Nations Chess Cup"]
[Site "ZaoZhuang, China"]
[Date "2012.05.18"]
[Round "2"]
[Board "2"]
[White "Al-Ali, Hussein Ali Hussein"]
[Black "Zhao, Jun"]
[Result "0-1"]
[WhiteElo "2343"]
[BlackElo "2577"]
[PlyCount "0"]
[EventDate "2012.05.17"]
[EventType "team"]
[EventRounds "9"]
[EventCountry "CHN"]
[WhiteTeam "Iraq"]
[BlackTeam "China 2"]

1. e4 c5 2. Nf3 Nc6 3. c3 Nf6 4. d3 g6 5. Be2 Bg7 6. O-O O-O 7. Nbd2 e5 8. Re1
d5 9. Bf1 d4 10. Nc4 Ne8 11. cxd4 cxd4 12. a4 Nc7 13. Bd2 Bd7 14. b4 b5 15.
axb5 Nxb5 16. Na5 Nxa5 17. Rxa5 Qe7 18. Qa1 Rfc8 19. Rc1 Rxc1 20. Qxc1 Rc8 21.
Qa1 Be8 22. Be2 Rc7 23. Bd1 Nc3 24. Bb3 Qxb4 25. Bc4 Qb8 26. Bxc3 dxc3 27. Qxc3
Kh8 28. g3 f6 29. Qa1 Bd7 30. Kg2 Rb7 31. Qc1 Bf8 32. Qe3 Bb4 33. Ra6 Rb6 34.
Rxb6 Qxb6 35. Qh6 Qc5 36. h4 Qf8 37. Qe3 Bc5 38. Qe1 Bb6 39. Nd2 Qb4 40. Qe2
Qb2 41. Qf3 Kg7 42. Nf1 h5 43. Kg1 Bg4 44. Qg2 Bh3 45. Qh2 Bd4 0-1